| 000 | 00416nam a2200157Ia 4500 | ||
|---|---|---|---|
| 003 | SGT | ||
| 020 | _a9788121940559 | ||
| 082 |
_a621.382 _bANA |
||
| 100 | _aAnand,Rishabh | ||
| 245 | _aWireless communications | ||
| 260 |
_bS.Chand & Company Ltd. _aNew Delhi _c2012 |
||
| 300 | _a410p. | ||
| 650 | _aELECTRONICS ENGINEERING | ||
| 653 | _aWIRELESS COMMUNICATION SYSTEM, SATELLITE COMMUNICATION | ||
| 942 |
_2ddc _cBK |
||
| 999 |
_c5454 _d5454 |
||